In the absence of Mrs. Petersen

Na minha lista:
Detalhes bibliográficos
Autor principal: Balchin, Nigel
Formato: Livro
Idioma:Undetermined
Publicado em: Londres, Inglaterra The Companion Book Club 1966
Assuntos:
Tags: Adicionar Tag
Sem tags, seja o primeiro a adicionar uma tag!

MARC

LEADER 00000nam a2200000Ia 4500
008 170316s9999 xx 000 0 und d
999 |c 8111  |d 8111 
040 |a cru BVZT 
090 |a 850 B-2i 
100 |a Balchin, Nigel 
245 |a In the absence of Mrs. Petersen  |c / Nigel Balchin 
260 |a Londres, Inglaterra  |b The Companion Book Club  |c 1966 
300 |a 224 páginas 
650 |a LITERATURA ITALIANA  |9 212 
650 |a NOVELA  |9 13 
942 |c 4 D  |h 850 B-2i  |2 z